| 000 | 00387nam a2200145 a 4500 | ||
|---|---|---|---|
| 005 | 20140412111416.0 | ||
| 008 | 070926s19uu xx 00 eng d | ||
| 020 | _a0-439-26269-0 | ||
| 050 |
_aTR(PS E _bAn1 2002 |
||
| 100 | _aEinhorn, Kama | ||
| 245 |
_aA Nap for Zap / _cKama Einhorn. |
||
| 260 |
_aNew York : _bScholastic, _cc2002. |
||
| 300 | _a16p. : col. ; 25cm. | ||
| 999 |
_c105854 _d105854 |
||